000 00340 a2200157 4500
001 179811
020 _a
040 _cMagnum
100 _aLemle, Miriam,
240 1 0 _aGuia teorico do alfabetizador
_lpor
245 1 0 _aGuia teorico do alfabetizador
362 0 _a1899
440 1 _aÁtica
697 _aMAGNITO: ENSINO
942 _cBK
999 _c179811
_d179811